Untersuchungen Zum Deutschen Vertriebenen- und Flüchtlingsproblem : Zweite Abteilung: Einzeldarstellungen. IV: Esenwein-Rothe, Ingeborg: Die Eingliederung der Flüchtlinge in Die Stadtstaaten Bremen und Hamburg.

Bibliographic Details
Main Author: Pfister, Bernhard.
Format: eBook
Language:German
Published: Berlin : Duncker & Humblot, 1955.
Edition:1st ed.
Series:Schriften des Vereins Für Socialpolitik Series
Subjects:
Online Access:Click to View
LEADER 03884nam a22003973i 4500
001 EBC7100839
003 MiAaPQ
005 20240729202203.0
006 m o d |
007 cr cnu||||||||
008 240729s1955 xx o ||||0 ger d
020 |a 9783428403769  |q (electronic bk.) 
020 |z 9783428003761 
035 |a (MiAaPQ)EBC7100839 
035 |a (Au-PeEL)EBL7100839 
035 |a (OCoLC)1347023164 
040 |a MiAaPQ  |b eng  |e rda  |e pn  |c MiAaPQ  |d MiAaPQ 
100 1 |a Pfister, Bernhard. 
245 1 0 |a Untersuchungen Zum Deutschen Vertriebenen- und Flüchtlingsproblem :  |b Zweite Abteilung: Einzeldarstellungen. IV: Esenwein-Rothe, Ingeborg: Die Eingliederung der Flüchtlinge in Die Stadtstaaten Bremen und Hamburg. 
250 |a 1st ed. 
264 1 |a Berlin :  |b Duncker & Humblot,  |c 1955. 
264 4 |c {copy}1955. 
300 |a 1 online resource (143 pages) 
336 |a text  |b txt  |2 rdacontent 
337 |a computer  |b c  |2 rdamedia 
338 |a online resource  |b cr  |2 rdacarrier 
490 1 |a Schriften des Vereins Für Socialpolitik Series 
505 0 |a Intro -- Vorbemerkung -- Inhalt -- Einleitung: Die Eigenständigkeit der Länder Bremen und Hamburg. (Die Stadtstaaten in raumwirtschaftlicher Beleuchtung) -- 1. Die Eigenständigkeit des Stadtstaates Bremen -- 2. Die Eigenständigkeit des Stadtstaates Hamburg -- 3. Zusammenfassung -- I. Die Wirtschaftsstruktur der Stadtstaaten nach 1945 -- 1. Strukturwandel der Wirtschaft im Lande Bremen -- 2. Strukturwandel der Wirtschaft im Lande Hamburg -- II. Die Sozialstruktur der Stadtstaaten nach 1945 -- 1. Der Altersaufbau -- 2. Einwirkung der Wanderung auf den biologischen Sozialaufbau -- a) Das Wanderungsergebnis für die Sozialstruktur Bremens -- b) Das Wanderungsergebnis für die Sozialstruktur Hamburgs -- c) Vergleichende Zusammenfassung -- III. Die erwerbswirtschaftliche Eingliederung der Flüchtlinge -- 1. Gründung selbständiger Existenzen durch Heimatvertriebene in den Stadtstaaten Bremen und Hamburg -- a) Die Niederlassung selbständiger Flüchtlinge im Lande Bremen -- b) Die Niederlassung selbständiger Flüchtlinge im Lande Hamburg -- c) Vergleichende Zusammenfassung -- 2. Die Existenzgründung für Flüchtlinge in abhängiger Stellung in den Ländern Bremen und Hamburg -- a) Die Eingliederung von Beamten in den Staats- und Kommunaldienst der Länder Bremen und Hamburg -- b) Die Eingliederung unselbständiger Flüchtlinge über den Arbeitsmarkt der Stadtstaaten -- α) Der Arbeitsmarkt des Landes Bremen unter dem Einfluß der Zuwanderung von Heimatvertriebenen -- β) Der Arbeitsmarkt des Landes Hamburg unter dem Einfluß der Zuwanderung von Heimatvertriebenen -- c) Vergleichende Zusammenfassung -- IV. Die gesellschaftliche Eingliederung der Flüchtlinge -- 1. Die räumliche Unterbringung der Flüchtlinge -- 2. Schule und Berufsausbildung im Dienste einer sozialen Eingliederung der Flüchtlingsjugend -- 3. Die Flüchtlinge als Mitbürger in Bremen und Hamburg. 
505 8 |a V. Eingliederungshilfe durch Regierung und Verwaltung in den Stadtstaaten -- 1. Investitions- und Finanzierungspolitik -- a) Existenzgründung -- b) Wohnungsbau -- 2. Sozialpolitik -- Schluß. 
588 |a Description based on publisher supplied metadata and other sources. 
590 |a Electronic reproduction. Ann Arbor, Michigan : ProQuest Ebook Central, 2024. Available via World Wide Web. Access may be limited to ProQuest Ebook Central affiliated libraries.  
655 4 |a Electronic books. 
776 0 8 |i Print version:  |a Pfister, Bernhard  |t Untersuchungen Zum Deutschen Vertriebenen- und Flüchtlingsproblem  |d Berlin : Duncker & Humblot,c1955  |z 9783428003761 
797 2 |a ProQuest (Firm) 
830 0 |a Schriften des Vereins Für Socialpolitik Series 
856 4 0 |u https://ebookcentral.proquest.com/lib/matrademy/detail.action?docID=7100839  |z Click to View